书目信息 |
| 题名: |
江西旅游产业发展路径研究
|
|
| 作者: | 黄细嘉 , 李祎 著 | |
| 分册: | ||
| 出版信息: | 北京 社会科学文献出版社 2018.07 |
|
| 页数: | 296页 | |
| 开本: | 24cm | |
| 丛书名: | ||
| 单 册: | ||
| 中图分类: | F592.756 | |
| 科图分类: | ||
| 主题词: | 地方旅游业--di fang lu^ you ye--旅游业发展--研究--江西 | |
| 电子资源: | ||
| ISBN: | 978-7-5201-2469-0 | |
| 000 | 01414nam0 2200277 450 | |
| 001 | 0100009990 | |
| 005 | 20190905093950.0 | |
| 010 | @a978-7-5201-2469-0@dCNY79.00 | |
| 100 | @a20190831d2018 em y0chiy50 ea | |
| 101 | 0 | @achi |
| 102 | @aCN@b110000 | |
| 105 | @aak a 000yy | |
| 106 | @ar | |
| 200 | 1 | @a江西旅游产业发展路径研究@Ajiang xi lu^ you chan ye fa zhan lu jing yan jiu@d= Study on the development path of Jiangxi tourism industry@f黄细嘉, 李祎等著@zeng |
| 210 | @a北京@c社会科学文献出版社@d2018.07 | |
| 215 | @a296页@c图@d24cm | |
| 314 | @a黄细嘉, 教授, 博士生导师。李祎, 讲师, 硕士。 | |
| 320 | @a有书目 (第278-296页) | |
| 330 | @a本书从理论到实践, 从宏观到微观, 从区域到县市, 层层递进, 共分为四个部分进行论述。首先是导论部分, 即开篇第一章, 对江西旅游产业发展实践进行历史回顾、背景解读与任务分析 ; 第二部分是把脉部分, 即书稿第二章, 主要揭示江西旅游产业发展路径的现状、存在问题及其成因 ; 第三部分是借鉴部分, 主要为第三章, 归纳总结国内外旅游产业发展路径的成功经验与借鉴启示 ; 第四部分是实战篇章, 包括第四到八章, 有针对性的讲解如何形成并优化江西旅游产业发展路径及其运行体系。 | |
| 510 | 1 | @aStudy on the development path of Jiangxi tourism industry@zeng |
| 606 | 0 | @a地方旅游业@Adi fang lu^ you ye@x旅游业发展@x研究@y江西 |
| 690 | @aF592.756@v5 | |
| 701 | 0 | @a黄细嘉@Ahuang xi jia@4著 |
| 701 | 0 | @a李祎@Ali yi@4著 |
| 801 | 0 | @aCN@c20190905 |
| 905 | @a河南城建学院图书馆@dF592.756@eH902 | |
| 江西旅游产业发展路径研究= Study on the development path of Jiangxi tourism industry/黄细嘉, 李祎等著.-北京:社会科学文献出版社,2018.07 |
| 296页:图;24cm |
| ISBN 978-7-5201-2469-0:CNY79.00 |
| 本书从理论到实践, 从宏观到微观, 从区域到县市, 层层递进, 共分为四个部分进行论述。首先是导论部分, 即开篇第一章, 对江西旅游产业发展实践进行历史回顾、背景解读与任务分析 ; 第二部分是把脉部分, 即书稿第二章, 主要揭示江西旅游产业发展路径的现状、存在问题及其成因 ; 第三部分是借鉴部分, 主要为第三章, 归纳总结国内外旅游产业发展路径的成功经验与借鉴启示 ; 第四部分是实战篇章, 包括第四到八章, 有针对性的讲解如何形成并优化江西旅游产业发展路径及其运行体系。 |
| ● |
| 相关链接 |
|
|
|
正题名:江西旅游产业发展路径研究
索取号:F592.756/H902
 
预约/预借
| 序号 | 登录号 | 条形码 | 馆藏地/架位号 | 状态 | 备注 |
| 1 | 1437348 | 214373480 | 社科库409/409社科库 40排1列4层/ [索取号:F592.756/H902] | 在馆 | |
| 2 | 1437349 | 214373499 | 社科库409/409社科库 40排1列4层/ [索取号:F592.756/H902] | 在馆 |